Представление документа в формате MARC21

Поле Инд. ПП Название Значение
Тип записи a
Библиографический уровень m
001 Контрольный номер a22958b7-acf3-11da-b02a-008048b56a28
005 Дата корректировки 20140703143338.1
008 Кодируемые данные 060306
020 a ISBN 5-86134-129-X
c Цена, тираж 120.00
040 a Служба первич. каталог. НБ ТвГУ
041 a Код языка текста rus
080 a Индекс УДК 519.854
084 a Индекс другой классификации/Индекс ББК В183.43
090 x Авторский знак Б48
a Полочн. индекс В183.4
100 1_ a Автор Береснев Владимир Леонидович
245 00 a Заглавие Дискретные задачи размещения и полиномы от булевых переменных
c Ответственность В. Л. Береснев
260 0_ a Место издания Новосибирск
b Издательство Ин-т математики
c Дата издания 2005
300 a Объем 407 с.
b Иллюстрации/ тип воспроизводства ил., табл.
c Размеры 22 см.
504 a Библиография Библиогр.: с. 390-400. - Предм. указ.: с. 401-403.
583 a Действие Получение впервые 72 06.03.2006
k Исполнитель действия Дар РГГУ
650 a Основная рубрика Программирование математическое
650 a Основная рубрика Дискретное программирование
650 a Основная рубрика Размещения задача
650 a Основная рубрика Полиномы
650 a Основная рубрика Булевы функции см. Функции булевы
650 a Основная рубрика Функции булевы
x Основная подрубрика Минимизация
653 a Ключевые слова Дискретная оптимизация
a Ключевые слова Дискретное программирование
a Ключевые слова Размещение предприятий
a Ключевые слова Размещение с неограниченными возможностями
a Ключевые слова Задачи размещения
a Ключевые слова Дискретные задачи размещения
a Ключевые слова Булевы функции
a Ключевые слова Минимизация функций от переменных
a Ключевые слова Минимизация булевых функций
a Ключевые слова Полиномы от булевых переменных
852 t Порядковый номер экземпляра 1
p Инвентарный номер 835015
863 t 00112333
888 a Бесплатные
952 p 72.2006 120.00 1 835015
c Вид литературы К рн
954 a Дата поступления на обработку 20060417
999 a Подразделение 2 Фил3